La suma de los días

I tiakina i:
Ngā taipitopito rārangi puna kōrero
Kaituhi matua: Allende, Isabel, 1942- (autora)
Hōputu: Pukapuka
Reo:Pāniora
I whakaputaina: Buenos Aires Sudamericana 2007
Putanga:1a. ed
Rangatū:Narrativa Latinoamericana
Ngā marau:
Ngā Tūtohu: Tāpirihia he Tūtohu
Kāore He Tūtohu, Me noho koe te mea tuatahi ki te tūtohu i tēnei pūkete!

MARC

LEADER 00000nam a2200000 a 4500
001 UCI6703
003 CL-VaPUC
008 080523e20070000AG |||||||||||||||||spa|d
020 |a 9789500728591 
082 0 4 |a Ch863  |b ALL  |2 21 
100 |a Allende, Isabel,  |d 1942-  |e autora  |9 318389 
245 1 3 |a La suma de los días 
250 |a 1a. ed 
300 |a 361 p 
942 |c BK 
945 |d 20080523 00:00:00  |a cmena 
260 |a Buenos Aires  |b Sudamericana  |c 2007 
500 |a En las páginas de este libro, Isabel Allende narra con franqueza la historia reciente de su vida y la de su peculiar familia en California, en una casa abierta, llena de gente y de personajes literarios, y protegida por un espíritu: hijas perdidas, nietos y libros que nacen, éxitos y dolores, un viaje al mundo en busca de inspiración, junto a divorcios, encuentros, amores, separaciones, crisis de pareja y reconciliaciones. ambieïn es una historia de amor entre un hombre y una mujer maduros, que han salvado muchos escollos sin perder ni la pasión ni el humor, y de una familia moderna, desgarrada por conflictos y unida, a pesar de todo, por el cariño y la decisión de salir adelante. Esta es la familia que descubrimos en Paula y que desciende de los personajes de La casa de los espíritus. 
500 |a Una obra al tiempo emotiva y escrita en el tono irónico y apasionado que caracteriza a la autora, en la que nos entrega la suma de sus días como mujer y como escritora 
650 0 |a Narrativa chilena  |9 342463 
650 0 |a Literatura chilena   |9 308278 
650 0 |a Autobiografías   |9 265171 
583 |a last modification  |c 20080523 00:00:00  |k Rodrigo Vera 
490 0 |a Narrativa Latinoamericana 
999 |c 330153  |d 330151 
952 |0 0  |1 0  |4 0  |6 CH_863_000000000000000_ALL_2007  |7 0  |8 A  |9 415541  |a BIBGIM  |b BIBGIM  |d 2019-11-22  |i 4437195  |o Ch863 ALL 2007  |p 4437195  |r 2025-01-15  |w 2019-11-22  |y BK  |k EST